000 00722nam a22002057a 4500
005 20251108172719.0
008 250721s2001 xx 000 0 ara d
082 1 4 _a327.73/زوا
100 1 _aالزواهرة، رانيا بركات
_eمؤلف
245 1 0 _aالحرب الأمريكية الجديدة /
264 1 _aعمان :
_bضالمؤلفين،
_c2001.
300 _a175ص
650 1 7 _aالسياسة الخارجية
650 1 7 _aالتاريخ الأمريكي
650 1 7 _aالإمبريالية
700 1 _aالرجبي، محمود أبو فروة
_eمؤلف مشارك
700 1 _aالطعامنة، شادي عبد الكريم
_eمؤلف مشارك
942 _2ddc
_cBK
999 _c86652
_d86652